000 00298nam a2200109 4500
999 _c9754
_d9754
008 180716b ||||| |||| 00| 0 eng d
245 _aKnow your tax rights and remedies.
260 _aPhilippines
_bThe Philippine Star
_cc2016
300 _apage B-16.
650 0 _928940
_aTaxation.
942 _2ddc
_cPER